000
00287nam a2200109Ia 4500
008
220204s9999 xx 000 0 und d
082
_a
NR:332.21
_b
GAN
100
_a
Ganapathy, Comp.
245
0
_a
Malayalam plantations: An era of planting in South India
260
_a
Cochin
942
_c
BK
999
_c
44763
_d
44763